Largest Suburbs of Washington, D.C. - Statistics

General Stats
  • This quiz has been taken 118 times
    113 since last reset
  • The average score is 9 of 20
Answer Stats
Suburb Population County State % Correct
Arlington 238,643 Arlington VA
97%
Alexandria 159,467 ---------- VA
93%
Bethesda 68,056 Montgomery MD
80%
Frederick 78,171 Frederick MD
66%
Silver Spring 81,015 Montgomery MD
65%
Gaithersburg 69,657 Montgomery MD
64%
Rockville 67,117 Montgomery MD
63%
Germantown 91,249 Montgomery MD
48%
Leesburg 48,250 Loudoun VA
46%
Potomac 47,018 Montgomery MD
43%
Ashburn 46,349 Loudoun VA
42%
McLean 50,773 Fairfax VA
40%
Bowie 58,329 Prince George's MD
38%
Waldorf 81,410 Charles MD
34%
North Bethesda 50,094 Montgomery MD
28%
Wheaton 52,510 Montgomery MD
25%
Centreville 73,518 Fairfax VA
22%
Dale City 72,088 Prince William VA
20%
Aspen Hill 51,063 Montgomery MD
15%
Lake Ridge 46,162 Prince William VA
1%
No matching quizzes found
Score Distribution
Percent of People with Each Score
Percentile by Number Answered
Your Score History
You have not taken this quiz since the last reset